| 000 | 00694nab a2200241 a 4500 | ||
|---|---|---|---|
| 005 | 20210219155643.0 | ||
| 008 | 991125s1985 mx 000 0 spa u | ||
| 035 | _aUPN01000149260 | ||
| 100 | 1 | _aDuñabeitia, Jon-Andoni | |
| 222 | _aCOGNITIVA | ||
| 245 | _aInfluencia de la frecuencia de las letras en el efecto de la facilitación por transposición de letras | ||
| 260 | _aMadrid, España | ||
| 300 | _a135-144 | ||
| 362 | 0 | _a2006 Vol. 18, no. 2 | |
| 653 | 0 | _aEFECTO TRANSPOSICION | |
| 653 | 0 | _aCODIFICACION DE LETRAS | |
| 653 | 0 | _aFRECUENCIA DE LETRAS | |
| 700 | 0 | 2 | _aGutiérrez, Eva, |
| 700 | 1 | _ecoaut. | |
| 700 | 1 | _aMena, Yaiza, | |
| 700 | 1 | _ecoaut. | |
| 905 | _aArticulo | ||
| 999 |
_c121401 _d121401 |
||